000
00327nam a22001457a 4500
008
180919b xxu||||| |||| 00| 0 eng d
020
_a
9789812380739
041
_a
eng
080
_a
62
082
_a
62
100
_a
27
101
_a
MEK
245
_a
Nano-Engineering in Science and Technology
_c
Rieth,M
942
_2
udc
_c
BK
999
_c
48035
_d
48035